000 00374nam a2200133Ia 4500
008 211109s9999||||xx |||||||||||||| ||und||
082 _a894.8121
_bPAR-U
100 _aParameswara Iyer,
245 0 _aUmakeralam
260 _bNATIONAL BOOKSTALL
_aKottayam
_c1900
630 _xGeneral Stack
650 _amalayalam Literature
_vMalayalam poetrypoetry
_xGeneralia
942 _cBOOK
999 _c5256
_d5256